|
|
|
|
| LEADER |
00000cam a2200000 7i4500 |
| 001 |
0000000777 |
| 005 |
20151222.0 |
| 008 |
070703 |
| 020 |
|
|
|a 9837021772
|
| 090 |
0 |
0 |
|a JF
|b MAL (468)
|
| 100 |
0 |
|
|a D' Zainun Mustapha
|
| 245 |
1 |
0 |
|a Adikku sayang
|c D' Zainun Mustapha
|
| 260 |
|
|
|a Selangor :
|b Cerdik Publications ,
|c 2006
|
| 440 |
|
|
|a Novel kanak-kanak
|
| 500 |
|
|
|a Children ages 7-9 years old (orange)
|
| 650 |
|
0 |
|a Junior fiction
|x Malay
|x Languages
|
| 710 |
0 |
|
|a Title
|
| 999 |
|
|
|a 0000020550
|b Book
|c Children Collection
|e Cawangan Taman Universiti
|
| 999 |
|
|
|a 0000959305
|b Book
|c Children Collection
|e Perbadanan Perpustakaan Awam Johor
|
| 999 |
|
|
|a 0000959307
|b Book
|c Children Collection
|e Cawangan Bandar Penawar
|
| 999 |
|
|
|a 0000959308
|b Book
|c Children Collection
|e Perbadanan Perpustakaan Awam Johor
|
| 999 |
|
|
|a 0000959309
|b Book
|c Children Collection
|e Perbadanan Perpustakaan Awam Johor
|
| 999 |
|
|
|a 0000959310
|b Book
|c Children Collection
|e Cawangan Tangkak
|
| 999 |
|
|
|a 0001148291
|b Book
|c Children Collection
|e Cawangan Bukit Gambir
|
| 999 |
|
|
|a 0001148292
|b Book
|c Children Collection
|e Cawangan Bandar Penawar
|
| 999 |
|
|
|a 0001148293
|b Book
|c Children Collection
|e Cawangan Tmn. Ungku Tun Aminah
|